| 000 | 00943nas a2200289 4500 | ||
|---|---|---|---|
| 001 | BR2015001582 | ||
| 003 | BR-BrBNA | ||
| 005 | 20231205125122.0 | ||
| 007 | ta | ||
| 008 | 230509b bl.|||p| |||| 00| 00por d | ||
| 040 |
_aBR-BrBNA _bpor _cBiblioteca Nacional de Agricultura |
||
| 041 | _a(Pt) | ||
| 072 | _aQ02 | ||
| 100 | 1 | _aCabello, C. | |
| 100 | 1 | _aSchmidt, M. | |
| 245 | 1 | _aCaracterísticas de expansibilidade, densidade e amidos resistentes em biscoitos extrudados a partir de misturas de farinha e fécula de mandioca | |
| 650 | _aAMIDO | ||
| 650 | _aFECULA | ||
| 650 | _aFARINHA | ||
| 650 | _aPROCESSAMENTO | ||
| 650 | _aALIMENTO | ||
| 650 | _aRESISTENCIA | ||
| 773 | 0 |
_tRevista Raízes e Amidos Tropicais (Brazil) _xISSN 1808-981X _g(2005), v. 1 p. 19-29 _wBR2015001582 |
|
| 856 | 4 | 0 | _uhttp://energia.fca.unesp.br/index.php/rat/article/view/1633/888 |
| 909 |
_a202311 _bLúcia _c55 _dLúcia Elande |
||
| 942 |
_2AGRIS _n0 _cANA |
||
| 999 |
_c242739 _d242739 |
||